000 00327nam a22001457a 4500
008 230614b ||||| |||| 00| 0 eng d
020 _a9780321851673
041 _aeng
080 _25TH EDITION
_a311
082 _a311TRI
100 _a24
101 _aSTS
245 _aELEMENTARY STATISTICS
_cTRIOLA.F.M
942 _2udc
_cBK
999 _c59964
_d59964